000 00722nam a2200193 a 4500
003 0
005 20250410090337.0
008 071121s19uu xx uuu eng d
050 _aPHS BF 637.C45
_b.F67 2007
100 _aFortuna, Clotilde Nenita C.
245 _aConflict management strategies of students with separated and intact parents /
_cClotilde Nenita C. Fortuna.
260 _aLas PiƱas City, Philippines :
_bSouthville International School and Colleges,
_c2007.
300 _a22 pages ;
_c28 cm.
504 _aIncludes bibliographical references.
650 _aConflict management in adolescence.
650 _aStudents
_xFamily relationships.
650 _aChildren of divorced parents.
942 _2lcc
_cPASS
999 _c97824
_d97824